| 000 | 01014cam a2200277 i 4500 | ||
|---|---|---|---|
| 001 | 63208 | ||
| 005 | 20180714065534.0 | ||
| 008 | 150711s1999 mx r 000 0 spa d | ||
| 020 | _a9682322057 | ||
| 040 |
_aMX-PuUPA _bspa _erda _cMx-PuUPA _dMx-PuUPA |
||
| 041 | 0 |
_aspa, _afre |
|
| 082 | 0 |
_a180 _bBOL |
|
| 100 | 1 |
_aBollack, Jean, _eautor |
|
| 240 | 1 | 0 |
_aLa grèce de personne. Les mots sous le mythe. _lEspañol |
| 245 | 1 | 3 |
_aLa Grecia de nadie : _blas palabras dentro del mito / _cpor Jean Bollack ; traducción de Glenn Gallardo Jordán. |
| 250 | _aPrimera edición | ||
| 264 | 1 |
_aMéxico, D.F. : _bSiglo xxi Editores, _c1999 |
|
| 300 |
_a469 páginas ; _c21 cm. |
||
| 336 |
_atexto _2rdacontent |
||
| 337 |
_asin mediación _2rdamedia |
||
| 338 |
_avolumen _2rdacarrier |
||
| 490 | 0 | _aFilosofía | |
| 650 | 4 |
_aHermenéutica _xHistoria _ySiglo XX |
|
| 700 | 1 |
_aGallardo Jordán, Glenn, _etradutor |
|
| 700 | 1 |
_iTraducción de: _aBollack, Jean, _tLa grèce de personne. Les mots sous le mythe. |
|
| 999 |
_c63208 _d63208 |
||